| 000 | 005790000a22001810004500 | ||
|---|---|---|---|
| 003 | MACL | ||
| 005 | 20160522104106.0 | ||
| 008 | 160522b xxu||||| |||| 00| 0 eng d | ||
| 040 |
_aMACL _cMACL |
||
| 041 | _aHindi | ||
| 082 | _a891.433 NAR | ||
| 100 |
_aनारंग, हरीश _958632 |
||
| 245 |
_aपाकिस्तानी बच्ची _cहरीश नारंग |
||
| 260 |
_bप्रकाशन संस्थान _c2004 _aनई दिल्ली |
||
| 350 | _a100 | ||
| 650 |
_aStories _958633 |
||
| 942 |
_cHIN _k891.433/NAR/S _2ddc |
||
| 999 |
_c10097 _d10097 |
||